[Event "Linares"]
[Site "Linares"]
[Date "1981.??.??"]
[Round "?"]
[White "Garcia Gonzales, Guillermo"]
[Black "Karpov, Anatoly"]
[Result "0-1"]
[WhiteElo "2520"]
[BlackElo "2690"]

1.Nf3 Nf6 2.c4 c5 3.g3 b6 4.Bg2 Bb7 5.O-O e6 6.d4 cxd4 7.Qxd4 d6 8.Nc3 Be7
9.Rd1 a6 10.b3 Nbd7 11.Bb2 O-O 12.e4 Qc7 13.Qe3 Rfe8 14.Nd4 Bf8 15.Rac1 Rad8
16.Qe2 Qb8 17.Re1 g6 18.Rcd1 Bg7 19.Qc2 Ba8 20.Qb1 Nc5 21.Re2 Ng4 22.h3 Nf6
23.Kh2 h5 24.h4 Rc8 25.Kg1 Ng4 26.f3 Ne5 27.Rdd2 Qa7 28.Kh1 Red8 29.f4 Ng4
30.Nd1 e5 31.Nf3 b5 32.cxb5 axb5 33.Ng5 b4 34.Nf2 Bb7 35.Nxg4 hxg4 36.f5 f6
37.Ne6 Nxe6 38.fxe6 Ba6 39.Rf2 Qe7 40.Bf1 Bxf1 41.Qxf1 Qxe6 42.Qb5 Rb8 43.Qc6 Bf8
44.Rc2 Rdc8  0-1

[Event "Linares"]
[Site "Linares"]
[Date "1981.??.??"]
[Round "?"]
[White "Larsen, Bent"]
[Black "Kavalek, Lubomir"]
[Result "1-0"]
[WhiteElo "2610"]
[BlackElo "2550"]

1.Nf3 g6 2.e4 d6 3.d4 Nf6 4.Nc3 Bg7 5.h3 O-O 6.Be3 c6 7.a4 Nbd7 8.a5 Qc7
9.Be2 e5 10.dxe5 Nxe5 11.O-O Rd8 12.Qc1 Nxf3+ 13.Bxf3 Be6 14.Bg5 Re8 15.Rd1 Nd7
16.Qd2 Ne5 17.Be2 Bc4 18.Ra4 Bxe2 19.Qxe2 b5 20.axb6 axb6 21.Rxa8 Rxa8 22.f4 Nd7
23.Be7 Bf8 24.Bxf8 Nxf8 25.Qd2 Rd8 26.f5 f6 27.Qd4 Kg7 28.b4 b5 29.Ne2 Re8
30.Qxd6 Qxd6 31.Rxd6 gxf5 32.Nd4 fxe4 33.Rxc6 e3 34.Kf1 Re4 35.c3 Ng6 36.Nf5+ Kg8
37.Rc8+ Nf8 38.Ke2 Re5 39.Rc5 Rxc5 40.bxc5 Ne6 41.c6 Nc7 42.Kxe3 Kf7 43.Ke4 Ke6
44.g4 Na6 45.Nd4+ Kd6 46.Kf5 Nc7 47.Kxf6 Nd5+ 48.Kg7 Nxc3 49.g5  1-0

[Event "Linares"]
[Site "Linares"]
[Date "1981.??.??"]
[Round "?"]
[White "Quinteros, Miguel A"]
[Black "Kavalek, Lubomir"]
[Result "1/2-1/2"]
[WhiteElo "2505"]
[BlackElo "2550"]

1.Nf3 Nf6 2.g3 d5 3.Bg2 c5 4.O-O Nc6 5.d4 Bg4 6.Ne5 cxd4 7.Nxg4 Nxg4 8.c3 Nf6
9.cxd4 e6 10.Nc3 Be7 11.e3 O-O 12.f4 Bb4 13.Ne2 Ne7 14.Qb3 Qb6 15.a3 Ba5
16.Qd3 Qd8 17.b4 Bc7 18.Nc3 Nf5 19.Bf3 Nd6 20.g4 Nfe8 21.e4 dxe4 22.Nxe4 Nxe4
23.Bxe4 Qh4 24.h3 Rd8 25.Kg2 f5 26.gxf5 exf5 27.Bxf5 Rd6 28.Rf3 Rdf6 29.Bg4 h5
30.Bd7 Bxf4 31.Bxf4 Rxf4 32.Raf1 Qg5+ 33.Kh2 Rxf3 34.Rxf3 Rxf3 35.Qxf3 Qd2+
36.Kh1 Qc1+ 37.Kg2 Qc2+  1/2-1/2

[Event "Linares"]
[Site "Linares"]
[Date "1981.??.??"]
[Round "?"]
[White "Portisch, Lajos"]
[Black "Spassky, Boris V"]
[Result "1/2-1/2"]
[WhiteElo "2650"]
[BlackElo "2635"]

1.c4 e6 2.Nc3 d5 3.d4 Be7 4.Nf3 Nf6 5.Bg5 h6 6.Bh4 O-O 7.e3 b6 8.Rc1 Bb7
9.Be2 dxc4 10.Bxc4 Nbd7 11.O-O c5 12.Qe2 Ne4 13.Nxe4 Bxh4 14.Nc3 Be7 15.Rfd1 Qc7
16.d5 exd5 17.Bxd5 Nf6 18.Bxb7 Qxb7 19.e4 Rad8 20.e5 Nh7 21.Qc4 Rfe8 22.Nd5 Nf8
23.Ne3 Bg5 24.Rxd8 Rxd8 25.Rd1 b5 26.Qe2  1/2-1/2